000 00417nam a22001457a 4500
005 20251125094301.0
008 251125b |||||||| |||| 00| 0 eng d
020 _a978-81-8038-878-1
100 _aWIDDICOMBE, KAREN
245 _aTHE ALL ENGLAND LAW REPORTS 2009, VOLUME 2
260 _aLONDON
_bLEXISNEXIS
_c2009
300 _aXXII, 1220P.
650 _aLAW REPORTS, DIGESTS-ENGLAND AND WALES
942 _2lcc
_cREF
999 _c216272
_d216272